000 01536nam a2200349 c 4500
999 _c167576
_d167576
003 BLK
005 20220210133213.0
008 180411b bul|||||r ||||||| ||bul||
010 _aKNG00175388000
040 _aBLK
041 _aBUL
_cBUL
072 7 _2bullib
_aК
_xКраезнание
080 _aОбщи въпроси на селското стопанство
_b631
_z631
100 1 _aМаждраков, Панайот Дончев
_eпърви автор
_9337569
139 _aМаждраков, Панайот Дончев
_bМ 15
245 1 0 _aСеитбооборотни опити в Образцов чифлик край Русе
_cПанайот Дончев Маждраков.
257 _aBGR
260 _bМ-во на земеделието и държ. имоти
_c1941
_fТрявна : Боню Ненков
300 _a40 с.
_c24 см
380 _a63
500 _aИзд. на Държ. земед. опитна и контролна станция Образцов цифлик край Русе. - Рез. на нем. ез.; Библиогр. с. 39.
650 4 _aРусе - селско стопанство
_9337517
653 _aземеделие
653 _aстатистика
653 _aОбразцов чифлик
659 _aК
852 _aЦб 37477
852 _aК 63/М 15 П
856 4 _qpdf
856 4 _qpdf
942 _cKNG
_n0
_s1
944 _aCR
_c15.05.2015
_l15.05.2015 - от С1,Р / 15.05.2015
_kВаля_Йорданова
944 _aED
_c15.05.2015
_l15.05.2015 - от С1,Р / 15.05.2015
999 _d167576